Kālid̄asa o Rabīndranātha. (Record no. 67138)

MARC details
000 -LEADER
fixed length control field 00624cam a22002411 4500
001 - CONTROL NUMBER
control field sa 66000231
003 - CONTROL NUMBER IDENTIFIER
control field DLC
005 - DATE AND TIME OF LATEST TRANSACTION
control field 20260227112213.0
008 - FIXED-LENGTH DATA ELEMENTS--GENERAL INFORMATION
fixed length control field 890602s1965 ii b 000 0 beno
010 ## - LIBRARY OF CONGRESS CONTROL NUMBER
LC control number sa 66000231
035 ## - SYSTEM CONTROL NUMBER
System control number (OCoLC)19807862
040 ## - CATALOGING SOURCE
Original cataloging agency DLC
Transcribing agency WaU
Modifying agency DLC
042 ## - AUTHENTICATION CODE
Authentication code premarc
050 00 - LIBRARY OF CONGRESS CALL NUMBER
Classification number PK3797
Item number .B38
100 1# - MAIN ENTRY--PERSONAL NAME
Personal name Bhattacharya, Bishnupada.
245 00 - TITLE STATEMENT
Title Kālid̄asa o Rabīndranātha.
260 ## - PUBLICATION, DISTRIBUTION, ETC.
Date of publication, distribution, etc. [1965]
300 ## - PHYSICAL DESCRIPTION
Extent 207 p.
Dimensions 23 cm.
500 ## - GENERAL NOTE
General note In Bengali.
504 ## - BIBLIOGRAPHY, ETC. NOTE
Bibliography, etc. note Includes bibliographical references.
600 00 - SUBJECT ADDED ENTRY--PERSONAL NAME
Personal name Kālidāsa.
600 10 - SUBJECT ADDED ENTRY--PERSONAL NAME
Personal name Tagore, Rabindranath,
Dates associated with a name 1861-1941.

No items available.

Powered by Koha